00598cam a22002052 4500001001100000005001700011008004100028020002700069040001500096100003600111245005700147250001300204260004900217300001800266650003600284650003400320700003200354852000300386852000300389000002084920151217155230.0111021s xx 000 0 eng d a1408258118 :cKES 4465 aKABUcKABU1 aElliott, Catherine.@000016011710aContract law /cCatherine Elliott and Frances Quinn. a8th ed. aHarlow, England :bPearson Education,c2011. axxxi, 428 p. 0aContractszEngland.@0000160118 0aContractszWales.@00001601191 aQuinn, Frances.@00001601201 1